Western ghats ecology expert panel (Gadgil Committee) report and its impact on rubber cultivation (Record no. 72355)

MARC details
000 -LEADER
fixed length control field 00338nam a2200109Ia 4500
100 ## - MAIN ENTRY--AUTHOR NAME
Personal name Salimkumar P G
245 #0 - TITLE STATEMENT
Title Western ghats ecology expert panel (Gadgil Committee) report and its impact on rubber cultivation
260 ## - PUBLICATION, DISTRIBUTION, ETC. (IMPRINT)
Name of publisher Rubber Board Bulletin
Year of publication 2013
300 ## - PHYSICAL DESCRIPTION
Number of Pages 25-29
942 ## - ADDED ENTRY ELEMENTS (KOHA)
Koha item type Journals
Holdings
Withdrawn status Lost status Damaged status Not for loan Home library Current library Date acquired Serial Enumeration / chronology Koha item type
      Journals RRII Library RRII Library 20/03/2014 Volume 32, Issue 1 Journals